[Event "Quebec op U2000"]
[Site "Montreal CAN"]
[Date "2001.07.22"]
[Round "3"]
[White "Zafirov, Stephane"]
[Black "Trinh, Tri Bao"]
[Result "1/2-1/2"]
[WhiteElo "1881"]
[BlackElo "1982"]
[PlyCount "20"]
[GameId "2160767911563854"]
[EventDate "2001.07.21"]
[EventType "swiss"]
[EventRounds "9"]
[EventCountry "CAN"]
[SourceTitle "EXT 2022"]
[Source "ChessBase"]
[SourceDate "2021.10.06"]
[SourceVersion "1"]
[SourceVersionDate "2021.10.06"]
[SourceQuality "1"]

1. e4 e6 2. Nc3 d5 3. Nf3 Nf6 4. exd5 exd5 5. d4 Be7 6. Bd3 O-O 7. Bf4 Bg4 8. Qd2 Bb4 9. Ne5 Be6 10. f3 c5 1/2-1/2

[Event "Quebec op U2000"]
[Site "Montreal CAN"]
[Date "2001.07.23"]
[Round "4"]
[White "Courteau, Julien"]
[Black "Lord, Stephan"]
[Result "1/2-1/2"]
[WhiteElo "1942"]
[BlackElo "1846"]
[PlyCount "41"]
[GameId "2160767911563855"]
[EventDate "2001.07.21"]
[EventType "swiss"]
[EventRounds "9"]
[EventCountry "CAN"]
[SourceTitle "EXT 2022"]
[Source "ChessBase"]
[SourceDate "2021.10.06"]
[SourceVersion "1"]
[SourceVersionDate "2021.10.06"]
[SourceQuality "1"]

1. d4 d5 2. c4 e6 3. Nc3 f5 4. Nf3 c6 5. Bg5 Be7 6. Bxe7 Qxe7 7. e3 Nf6 8. Bd3 O-O 9. O-O Ne4 10. Ne5 Nd7 11. Nxd7 Bxd7 12. f3 Nxc3 13. bxc3 e5 14. Qd2 e4 15. fxe4 fxe4 16. Be2 Qg5 17. Rxf8+ Rxf8 18. Rf1 Rxf1+ 19. Bxf1 Kf7 20. cxd5 cxd5 21. c4 1/2-1/2

[Event "Quebec op U2000"]
[Site "Montreal CAN"]
[Date "2001.07.23"]
[Round "4"]
[White "Desmarais, Emmanuel"]
[Black "Zafirov, Stephane"]
[Result "1-0"]
[WhiteElo "1955"]
[BlackElo "1881"]
[PlyCount "59"]
[GameId "2160767911563856"]
[EventDate "2001.07.21"]
[EventType "swiss"]
[EventRounds "9"]
[EventCountry "CAN"]
[SourceTitle "EXT 2022"]
[Source "ChessBase"]
[SourceDate "2021.10.06"]
[SourceVersion "1"]
[SourceVersionDate "2021.10.06"]
[SourceQuality "1"]

1. e4 e5 2. Nf3 Nc6 3. d4 exd4 4. Bc4 Nf6 5. O-O Bc5 6. e5 d5 7. exf6 dxc4 8. Re1+ Be6 9. Ng5 Qd5 10. Nc3 Qf5 11. Nce4 O-O-O 12. g4 Qe5 13. fxg7 Rhg8 14. Nxe6 fxe6 15. Bh6 Bb4 16. f4 Qa5 17. Rf1 d3 18. c3 Qd5 19. Qf3 Be7 20. Rad1 Rd7 21. g5 Qf5 22. b3 e5 23. fxe5 Qxf3 24. Rxf3 Nxe5 25. Rf8+ Rd8 26. Rdf1 Ng6 27. Rxg8 Rxg8 28. Nf6 Bxf6 29. gxf6 Ne5 30. f7 1-0

[Event "Quebec op U2000"]
[Site "Montreal CAN"]
[Date "2001.07.23"]
[Round "4"]
[White "Gauthier, Denis"]
[Black "Charbonneau, Anne-Marie"]
[Result "1-0"]
[WhiteElo "1969"]
[BlackElo "1875"]
[PlyCount "45"]
[GameId "2160767911563857"]
[EventDate "2001.07.21"]
[EventType "swiss"]
[EventRounds "9"]
[EventCountry "CAN"]
[SourceTitle "EXT 2022"]
[Source "ChessBase"]
[SourceDate "2021.10.06"]
[SourceVersion "1"]
[SourceVersionDate "2021.10.06"]
[SourceQuality "1"]

1. d4 f5 2. Nc3 Nf6 3. Bg5 e6 4. e4 fxe4 5. Nxe4 Be7 6. Bxf6 Bxf6 7. Nf3 Nc6 8. c3 b6 9. Bd3 Bb7 10. Qc2 g6 11. O-O-O Qe7 12. d5 exd5 13. Nxf6+ Qxf6 14. Rhe1+ Ne7 15. Qe2 Qe6 16. Qd2 Qf6 17. Qe3 d6 18. Nd4 Kd7 19. Qh3+ Ke8 20. Re3 Rd8 21. Rde1 Rd7 22. Bb5 c6 23. Nxc6 1-0

[Event "Quebec op U2000"]
[Site "Montreal CAN"]
[Date "2001.07.23"]
[Round "4"]
[White "Gilbert, Erick"]
[Black "Germain, Max"]
[Result "1/2-1/2"]
[WhiteElo "1851"]
[BlackElo "1656"]
[PlyCount "99"]
[GameId "2160767911563858"]
[EventDate "2001.07.21"]
[EventType "swiss"]
[EventRounds "9"]
[EventCountry "CAN"]
[SourceTitle "EXT 2022"]
[Source "ChessBase"]
[SourceDate "2021.10.06"]
[SourceVersion "1"]
[SourceVersionDate "2021.10.06"]
[SourceQuality "1"]

1. Nf3 d5 2. g3 Nf6 3. Bg2 c6 4. O-O g6 5. d3 Bg7 6. Nbd2 O-O 7. c3 Nbd7 8. Re1 Re8 9. Qc2 Nf8 10. e4 e5 11. h3 Bd7 12. Nf1 dxe4 13. dxe4 Qc7 14. Be3 b6 15. N1d2 Bc8 16. Rad1 Ba6 17. b4 N8d7 18. c4 c5 19. b5 Bb7 20. Nh2 Nf8 21. Nb1 Ne6 22. Nc3 Nd4 23. Qc1 a6 24. a4 Rac8 25. Nd5 Nxd5 26. exd5 Qd6 27. Bh6 f5 28. Bxg7 Kxg7 29. Nf3 Nxf3+ 30. Bxf3 e4 31. Bg2 a5 32. h4 Rcd8 33. Re2 Bc8 34. Rde1 Bd7 35. Qf4 Qxf4 36. gxf4 Kf6 37. Re3 Re7 38. f3 Rde8 39. fxe4 fxe4 40. Kf2 h6 41. Bxe4 g5 42. hxg5+ hxg5 43. fxg5+ Kxg5 44. Bd3 Rxe3 45. Rxe3 Rxe3 46. Kxe3 Kf6 47. Kf4 Bh3 48. Kg3 Bd7 49. Kf4 Bh3 50. Kg3 1/2-1/2

[Event "Quebec op U2000"]
[Site "Montreal CAN"]
[Date "2001.07.23"]
[Round "4"]
[White "Marcone, Malcom"]
[Black "Lezaic, Jovan"]
[Result "1-0"]
[WhiteElo "1920"]
[BlackElo "1983"]
[PlyCount "101"]
[GameId "2160767911563860"]
[EventDate "2001.07.21"]
[EventType "swiss"]
[EventRounds "9"]
[EventCountry "CAN"]
[SourceTitle "EXT 2022"]
[Source "ChessBase"]
[SourceDate "2021.10.06"]
[SourceVersion "1"]
[SourceVersionDate "2021.10.06"]
[SourceQuality "1"]

1. d4 f5 2. Bg5 Nf6 3. Bxf6 exf6 4. e3 d5 5. Bd3 g6 6. h4 h5 7. Nh3 Bd6 8. c4 dxc4 9. Bxc4 Qe7 10. Nc3 c6 11. Qd3 b5 12. Bb3 Ba6 13. Ne2 Qe4 14. Nhf4 Qxd3 15. Nxd3 Kf8 16. Nef4 Kg7 17. Rc1 Bb7 18. Nc5 Bc8 19. Nce6+ Kh6 20. Kd2 a5 21. a4 Bd7 22. Rc3 Bb4 23. Rhc1 Na6 24. Ke2 Bxc3 25. Rxc3 Rhe8 26. axb5 cxb5 27. Nc7 Nxc7 28. Rxc7 Rad8 29. Bf7 Re4 30. f3 Rxf4 31. exf4 b4 32. Rb7 Bc6 33. Rb6 Bd5 34. Bxd5 Rxd5 35. Kd3 Kg7 36. Rb7+ Kf8 37. Kc4 Rd8 38. Ra7 Rc8+ 39. Kd5 Rc2 40. Ke6 Rc6+ 41. Kd7 Rc2 42. d5 Rxb2 43. Rxa5 b3 44. Ke6 Rxg2 45. d6 b2 46. d7 Kg7 47. d8=Q Re2+ 48. Re5 fxe5 49. Qf6+ Kg8 50. Qf7+ Kh8 51. Kf6 1-0

[Event "Quebec op U2000"]
[Site "Montreal CAN"]
[Date "2001.07.23"]
[Round "4"]
[White "Papineau (Granby), Daniel"]
[Black "Boudreau, Daniel"]
[Result "0-1"]
[WhiteElo "2035"]
[BlackElo "2049"]
[PlyCount "50"]
[GameId "2160767911563861"]
[EventDate "2001.07.21"]
[EventType "swiss"]
[EventRounds "9"]
[EventCountry "CAN"]

1. e4 c5 2. Nc3 Nc6 3. g3 g6 4. Bg2 Bg7 5. d3 d6 6. Be3 e6 7. Qd2 Rb8 8. Nf3 Nd4 9. Nh4 Qa5 10. O-O Bd7 11. f4 Ne7 12. Qf2 O-O 13. h3 b5 14. g4 f5 15. Nd1 b4 16. gxf5 exf5 17. Nf3 Nec6 18. Nh4 Ne7 19. c3 Nb3 20. axb3 Qxa1 21. c4 Qa2 22. e5 Qxb3 23. exd6 Nc6 24. Bxc5 Qxd3 25. Bd5+ Rf7 0-1

[Event "Quebec op U2000"]
[Site "Montreal CAN"]
[Date "2001.07.23"]
[Round "4"]
[White "Ramaswamy, Kishor"]
[Black "Robidas, Francois"]
[Result "0-1"]
[WhiteElo "1847"]
[BlackElo "1880"]
[PlyCount "139"]
[GameId "2160767911563862"]
[EventDate "2001.07.21"]
[EventType "swiss"]
[EventRounds "9"]
[EventCountry "CAN"]
[SourceTitle "EXT 2022"]
[Source "ChessBase"]
[SourceDate "2021.10.06"]
[SourceVersion "1"]
[SourceVersionDate "2021.10.06"]
[SourceQuality "1"]

1. d4 d5 2. Nf3 Bf5 3. Bf4 e6 4. e3 Nf6 5. c4 dxc4 6. Bxc4 Nbd7 7. O-O Be7 8. Nc3 c6 9. h3 O-O 10. Nh4 Nb6 11. Bb3 Re8 12. Nxf5 exf5 13. Qd3 g6 14. Rfd1 Nbd5 15. Bh2 Rc8 16. a3 Bf8 17. Rac1 Qd7 18. Ba2 a6 19. Be5 Bg7 20. Na4 Qe7 21. Nc5 Nd7 22. Bxg7 Kxg7 23. Nxb7 Rb8 24. Na5 Rxb2 25. Nxc6 Qd6 26. Bxd5 Qxd5 27. Nb4 Qb7 28. Qc3 Re2 29. Kf1 R8xe3 30. Qxe3 Rxe3 31. fxe3 a5 32. Nc2 Nf6 33. Rb1 Qe4 34. Rd2 Nd5 35. Rb3 f4 36. exf4 Qxf4+ 37. Rf2 Qc1+ 38. Ne1 Ne3+ 39. Ke2 Qd1+ 40. Kxe3 Qxb3+ 41. Nd3 Qxa3 42. d5 f5 43. Rd2 Kf6 44. Ke2 Qe7+ 45. Kf2 Qe4 46. Ne1 Qf4+ 47. Nf3 Ke7 48. g3 Qb4 49. d6+ Kd8 50. Ke1 a4 51. Nd4 Qb1+ 52. Kf2 Qe4 53. Nc2 g5 54. Ne3 a3 55. Nd5 a2 56. Nc3 a1=Q 57. Nxe4 fxe4 58. Ke3 Qc3+ 59. Ke2 Qf3+ 60. Ke1 Qxg3+ 61. Kf1 Qxh3+ 62. Ke2 Qf3+ 63. Ke1 e3 64. Rb2 Qh1+ 65. Ke2 Qg2+ 66. Kxe3 Qxb2 67. d7 Qe5+ 68. Kf2 Kxd7 69. Kg2 Qf4 70. Kg1 0-1

[Event "Quebec op U2000"]
[Site "Montreal CAN"]
[Date "2001.07.23"]
[Round "4"]
[White "Rivest, Jean-Michel"]
[Black "Dion, Jean-Francois"]
[Result "1-0"]
[WhiteElo "1684"]
[BlackElo "1798"]
[PlyCount "64"]
[GameId "2160767911563863"]
[EventDate "2001.07.21"]
[EventType "swiss"]
[EventRounds "9"]
[EventCountry "CAN"]
[SourceTitle "EXT 2022"]
[Source "ChessBase"]
[SourceDate "2021.10.06"]
[SourceVersion "1"]
[SourceVersionDate "2021.10.06"]
[SourceQuality "1"]

1. e4 d6 2. d4 Nf6 3. Nc3 g6 4. Bc4 Bg7 5. f3 O-O 6. Be3 Nbd7 7. Qd2 e5 8. Nge2 c6 9. Bb3 b5 10. a3 Nb6 11. O-O-O Be6 12. d5 cxd5 13. exd5 Bd7 14. Qd3 a6 15. Ng3 Rc8 16. h4 h5 17. Nge4 Nxe4 18. Nxe4 Bf5 19. Rdg1 Nc4 20. Bxc4 Rxc4 21. b3 Bxe4 22. fxe4 Rc8 23. g4 hxg4 24. Rxg4 Qd7 25. Rg2 Rc7 26. h5 Rfc8 27. hxg6 f6 28. Rh7 Qe8 29. Qf1 Rc3 30. Bh6 R8c7 31. Qh1 Qxg6 32. Rxg6 Rxc2+ 1-0

[Event "Quebec op U2000"]
[Site "Montreal CAN"]
[Date "2001.07.23"]
[Round "4"]
[White "Ross Latour, Jeremie"]
[Black "Chichkina, Olya"]
[Result "1-0"]
[WhiteElo "1667"]
[BlackElo "1901"]
[PlyCount "77"]
[GameId "2160767911563864"]
[EventDate "2001.07.21"]
[EventType "swiss"]
[EventRounds "9"]
[EventCountry "CAN"]
[SourceTitle "EXT 2022"]
[Source "ChessBase"]
[SourceDate "2021.10.06"]
[SourceVersion "1"]
[SourceVersionDate "2021.10.06"]
[SourceQuality "1"]

1. d4 d5 2. c4 e6 3. Nc3 Nf6 4. Nf3 c6 5. e3 Bd6 6. Bd3 Nbd7 7. e4 dxe4 8. Nxe4 Nxe4 9. Bxe4 Nf6 10. Bc2 h6 11. O-O b6 12. Ne5 Bb7 13. Re1 Qc7 14. Qe2 O-O-O 15. a3 c5 16. dxc5 Bxc5 17. Bf4 g5 18. Bg3 h5 19. Nf3 Qe7 20. b4 h4 21. Be5 Bd6 22. Bxd6 Qxd6 23. c5 Qc6 24. b5 Qxc5 25. Rac1 Kb8 26. Be4 Qe7 27. Bxb7 Kxb7 28. Ne5 Rd5 29. Nc6 Qd6 30. Rc3 Nd7 31. a4 Nb8 32. Rec1 Rd2 33. Qf3 Nxc6 34. Rxc6 Qd5 35. Qxf7+ Qd7 36. Rc7+ Qxc7 37. Rxc7+ Kb8 38. Rb7+ Ka8 39. Rxa7+ 1-0

[Event "Quebec op U2000"]
[Site "Montreal CAN"]
[Date "2001.07.23"]
[Round "4"]
[White "Saint James, Sonny"]
[Black "Gebhardt, David"]
[Result "0-1"]
[WhiteElo "2013"]
[BlackElo "1851"]
[PlyCount "76"]
[GameId "2160767911563865"]
[EventDate "2001.07.21"]
[EventType "swiss"]
[EventRounds "9"]
[EventCountry "CAN"]
[SourceTitle "EXT 2022"]
[Source "ChessBase"]
[SourceDate "2021.10.06"]
[SourceVersion "1"]
[SourceVersionDate "2021.10.06"]
[SourceQuality "1"]

1. e4 e5 2. Nf3 Nf6 3. Nc3 Nc6 4. Bc4 Be7 5. Bb3 O-O 6. O-O d6 7. h3 Nd4 8. d3 Ne6 9. Ne2 Bd7 10. Ng3 Nc5 11. Nf5 a5 12. c3 Bxf5 13. exf5 e4 14. dxe4 Nfxe4 15. Bc2 a4 16. Nd4 Bg5 17. f4 Bh4 18. Qg4 Qe7 19. Nf3 Bf6 20. Re1 a3 21. b4 Bxc3 22. bxc5 Bxe1 23. Nxe1 Qf6 24. Rb1 Qd4+ 25. Kh2 Nf6 26. Qd1 Qxc5 27. Rxb7 Rfb8 28. Rxb8+ Rxb8 29. Qd3 Re8 30. Nf3 Qf2 31. Ng1 Re1 32. Nf3 Re2 33. Nh4 Rxc2 34. Bxa3 Rxa2 35. Qb1 h6 36. Bc1 Re2 37. Qb8+ Kh7 38. Qxc7 Ng4+ 0-1

[Event "Quebec op U2000"]
[Site "Montreal CAN"]
[Date "2001.07.23"]
[Round "4"]
[White "Sarra-Bournet, Marc"]
[Black "Proulx, Denis"]
[Result "1-0"]
[WhiteElo "1859"]
[BlackElo "1931"]
[PlyCount "71"]
[GameId "2160767911563866"]
[EventDate "2001.07.21"]
[EventType "swiss"]
[EventRounds "9"]
[EventCountry "CAN"]
[SourceTitle "EXT 2022"]
[Source "ChessBase"]
[SourceDate "2021.10.06"]
[SourceVersion "1"]
[SourceVersionDate "2021.10.06"]
[SourceQuality "1"]

1. e4 c5 2. Nc3 g6 3. f4 Bg7 4. Nf3 Nc6 5. Bc4 e6 6. f5 Ne5 7. Nxe5 Bxe5 8. Qf3 Ne7 9. fxe6 dxe6 10. d3 Nc6 11. O-O O-O 12. Ne2 Qc7 13. Bf4 Na5 14. Bb3 b5 15. Nc1 Bb7 16. c3 Nxb3 17. Nxb3 a5 18. Bxe5 Qxe5 19. Rae1 Qc7 20. d4 cxd4 21. cxd4 Rad8 22. Rc1 Qb6 23. Rfd1 f5 24. Nc5 fxe4 25. Qe3 Bd5 26. Nxe4 e5 27. Nc5 exd4 28. Rxd4 Rde8 29. Qd2 Rc8 30. Rxd5 Rf6 31. Qd4 Re6 32. Rd1 Rec6 33. Rd8+ Rxd8 34. Qxd8+ Qxd8 35. Rxd8+ Kf7 36. Rd5 1-0

[Event "Quebec op U2000"]
[Site "Montreal CAN"]
[Date "2001.07.23"]
[Round "4"]
[White "Solar, Dariusz"]
[Black "Kougioumoutzakis, Tony"]
[Result "0-1"]
[WhiteElo "1800"]
[BlackElo "1908"]
[PlyCount "43"]
[GameId "2160767911563867"]
[EventDate "2001.07.21"]
[EventType "swiss"]
[EventRounds "9"]
[EventCountry "CAN"]
[SourceTitle "EXT 2022"]
[Source "ChessBase"]
[SourceDate "2021.10.06"]
[SourceVersion "1"]
[SourceVersionDate "2021.10.06"]
[SourceQuality "1"]

1. e4 c5 2. Nc3 e6 3. Nf3 d5 4. exd5 exd5 5. d4 Nc6 6. dxc5 Bxc5 7. Qxd5 Qb6 8. Ne4 Nb4 9. Qe5+ Ne7 10. Bd3 Nxd3+ 11. cxd3 Bb4+ 12. Bd2 O-O 13. O-O Nc6 14. Qh5 Bxd2 15. Nfxd2 Qxb2 16. Nc4 Qd4 17. Qf3 Be6 18. Ned6 Bd5 19. Qe3 Qf6 20. Nxb7 Nd4 21. Rab1 Rae8 22. Qg3 0-1

[Event "Quebec op U2000"]
[Site "Montreal CAN"]
[Date "2001.07.23"]
[Round "4"]
[White "Thomas, Michel"]
[Black "Rouleau, Paul"]
[Result "1-0"]
[WhiteElo "1837"]
[BlackElo "1974"]
[PlyCount "69"]
[GameId "2160767911563868"]
[EventDate "2001.07.21"]
[EventType "swiss"]
[EventRounds "9"]
[EventCountry "CAN"]
[SourceTitle "EXT 2022"]
[Source "ChessBase"]
[SourceDate "2021.10.06"]
[SourceVersion "1"]
[SourceVersionDate "2021.10.06"]
[SourceQuality "1"]

1. d4 Nf6 2. c4 e6 3. Nf3 c5 4. d5 exd5 5. cxd5 d6 6. h3 g6 7. Nc3 Bg7 8. e4 O-O 9. Bd3 a6 10. a4 Re8 11. O-O Nbd7 12. Bf4 c4 13. Bc2 Nc5 14. Re1 Qb6 15. Rb1 Nfd7 16. Nd2 Ne5 17. Bxe5 Bxe5 18. Nxc4 Qb4 19. Nxe5 Rxe5 20. f4 Re8 21. Qf3 Bd7 22. Kh1 Rac8 23. e5 Nxa4 24. Bxa4 Bxa4 25. Nxa4 Qxa4 26. e6 Qb4 27. f5 gxf5 28. Qxf5 fxe6 29. dxe6 Qh4 30. Re4 Qe7 31. Rg4+ Kh8 32. Re1 Rg8 33. Rxg8+ Kxg8 34. Qe4 Rf8 35. Re3 1-0

[Event "Quebec op U2000"]
[Site "Montreal CAN"]
[Date "2001.07.23"]
[Round "4"]
[White "Tremblay, Alain"]
[Black "Dominique, Vladimir"]
[Result "1-0"]
[WhiteElo "1929"]
[BlackElo "1827"]
[PlyCount "65"]
[GameId "2160767911563869"]
[EventDate "2001.07.21"]
[EventType "swiss"]
[EventRounds "9"]
[EventCountry "CAN"]
[SourceTitle "EXT 2022"]
[Source "ChessBase"]
[SourceDate "2021.10.06"]
[SourceVersion "1"]
[SourceVersionDate "2021.10.06"]
[SourceQuality "1"]

1. e4 c5 2. Nf3 d6 3. d4 cxd4 4. Nxd4 Nf6 5. Nc3 a6 6. Be2 e5 7. Nb3 Be7 8. O-O Be6 9. f4 Qc7 10. Nd5 Bxd5 11. exd5 Nbd7 12. Be3 O-O 13. c4 Rac8 14. Qe1 Kh8 15. Kh1 exf4 16. Rxf4 Ne5 17. Rc1 Qd8 18. Nd4 g6 19. b3 Nfd7 20. Rf1 Bg5 21. Qd2 Bxe3 22. Qxe3 Qh4 23. Rf4 Qg5 24. Rcf1 Rce8 25. Ne6 Nxc4 26. bxc4 Qxf4 27. Rxf4 fxe6 28. Rxf8+ Nxf8 29. dxe6 Rxe6 30. Qd4+ Kg8 31. Qd5 Kh8 32. Bf1 Rf6 33. Kg1 1-0

[Event "Quebec op U2000"]
[Site "Montreal CAN"]
[Date "2001.07.23"]
[Round "4"]
[White "Trinh, Tri Bao"]
[Black "Airapetyan, David"]
[Result "0-1"]
[WhiteElo "1982"]
[BlackElo "1849"]
[PlyCount "90"]
[GameId "2160767911563870"]
[EventDate "2001.07.21"]
[EventType "swiss"]
[EventRounds "9"]
[EventCountry "CAN"]
[SourceTitle "EXT 2022"]
[Source "ChessBase"]
[SourceDate "2021.10.06"]
[SourceVersion "1"]
[SourceVersionDate "2021.10.06"]
[SourceQuality "1"]

1. e4 e6 2. d4 d5 3. e5 c5 4. c3 Qb6 5. Nf3 Bd7 6. Be2 Bb5 7. c4 Bxc4 8. Bxc4 dxc4 9. d5 exd5 10. Qxd5 Ne7 11. Qxc4 Ng6 12. Nc3 Qa6 13. Nb5 Qc6 14. O-O Be7 15. e6 fxe6 16. Re1 a6 17. a4 e5 18. Nxe5 Nxe5 19. Rxe5 Nd7 20. Re6 axb5 21. axb5 Qc8 22. Rxa8 Qxa8 23. Qe2 Qd8 24. Bg5 Nf6 25. Bxf6 gxf6 26. Rxf6 Qd5 27. Re6 Qg5 28. f4 Qg7 29. Re5 Rf8 30. g3 Rf6 31. Kg2 b6 32. Qe4 Rd6 33. Qa8+ Kf7 34. Qa2+ Kf8 35. b3 Qg6 36. Qe2 Bf6 37. Re6 Rxe6 38. Qxe6 Bd4 39. Qc8+ Qe8 40. Qxe8+ Kxe8 41. Kf3 Kf7 42. Ke4 Ke6 43. g4 h6 44. h4 Bf2 45. h5 Bh4 0-1

[Event "Quebec op U2000"]
[Site "Montreal CAN"]
[Date "2001.07.23"]
[Round "4"]
[White "Villeneuve, Benoit"]
[Black "Cloutier, Mario"]
[Result "1/2-1/2"]
[WhiteElo "1762"]
[BlackElo "1984"]
[PlyCount "108"]
[GameId "2160767911563871"]
[EventDate "2001.07.21"]
[EventType "swiss"]
[EventRounds "9"]
[EventCountry "CAN"]
[SourceTitle "EXT 2022"]
[Source "ChessBase"]
[SourceDate "2021.10.06"]
[SourceVersion "1"]
[SourceVersionDate "2021.10.06"]
[SourceQuality "1"]

1. e4 e5 2. Nf3 Nc6 3. Bb5 a6 4. Ba4 Nf6 5. O-O Be7 6. Re1 b5 7. Bb3 d6 8. c3 O-O 9. h3 h6 10. d4 Re8 11. Nbd2 Bf8 12. Bc2 g6 13. Nf1 Bd7 14. Ng3 Bg7 15. Be3 Kh8 16. Qd2 Rb8 17. dxe5 dxe5 18. Rad1 Be6 19. Qc1 Qc8 20. Kh2 Nd7 21. b3 Nb6 22. Nh4 Ne7 23. Bc5 Bf6 24. Nf3 Ng8 25. Re2 Rd8 26. Rxd8 Qxd8 27. Rd2 Qe8 28. Qd1 Qc6 29. Bb4 Nd7 30. h4 Nc5 31. h5 Ra8 32. hxg6 fxg6 33. Ba3 Nb7 34. Bb2 Nd6 35. c4 Nf7 36. cxb5 axb5 37. Bb1 Bg4 38. Rd5 Ne7 39. Rd3 Qe6 40. Qc2 Rc8 41. Qc5 Qc6 42. Qe3 Bxf3 43. Qxf3 Ng5 44. Qe3 Ne6 45. f3 Bg5 46. Qe1 Bf4 47. Kh1 Nd4 48. Ne2 Nxe2 49. Qxe2 Qf6 50. Qf2 Qg5 51. g4 h5 52. Qg2 Qh4+ 53. Kg1 Qe1+ 54. Qf1 Qg3+ 1/2-1/2

[Event "Quebec op U2000"]
[Site "Montreal CAN"]
[Date "2001.07.24"]
[Round "5"]
[White "Airapetyan, David"]
[Black "Esterez, Emmanuel"]
[Result "0-1"]
[WhiteElo "1849"]
[BlackElo "1889"]
[PlyCount "76"]
[GameId "2160767911563872"]
[EventDate "2001.07.21"]
[EventType "swiss"]
[EventRounds "9"]
[EventCountry "CAN"]
[SourceTitle "EXT 2022"]
[Source "ChessBase"]
[SourceDate "2021.10.06"]
[SourceVersion "1"]
[SourceVersionDate "2021.10.06"]
[SourceQuality "1"]

1. d4 Nf6 2. e3 d6 3. Bd3 e5 4. dxe5 dxe5 5. Nc3 Nc6 6. a3 Be6 7. b3 a6 8. Bb2 Nd5 9. Bc4 Nxc3 10. Qxd8+ Nxd8 11. Bxe6 Nxe6 12. Bxc3 f6 13. Nf3 Bc5 14. Nd2 b5 15. Ne4 Bb6 16. O-O-O Ke7 17. Rd3 Rhd8 18. Rhd1 Rxd3 19. Rxd3 Rd8 20. a4 Rxd3 21. cxd3 bxa4 22. bxa4 g6 23. Kc2 f5 24. Nd2 f4 25. Nc4 fxe3 26. fxe3 e4 27. Nxb6 exd3+ 28. Kxd3 cxb6 29. Kc4 Kd6 30. g4 Kc6 31. h4 h5 32. g5 Kd6 33. Bf6 Nc5 34. Kb4 Nd3+ 35. Kc3 Ne5 36. Bd8 b5 37. axb5 axb5 38. Kb4 Nc6+ 0-1

[Event "Quebec op U2000"]
[Site "Montreal CAN"]
[Date "2001.07.24"]
[Round "5"]
[White "Boudreau, Daniel"]
[Black "Marcone, Malcom"]
[Result "1-0"]
[WhiteElo "2049"]
[BlackElo "1920"]
[PlyCount "107"]
[GameId "2160767911563873"]
[EventDate "2001.07.21"]
[EventType "swiss"]
[EventRounds "9"]
[EventCountry "CAN"]
[SourceTitle "EXT 2022"]
[Source "ChessBase"]
[SourceDate "2021.10.06"]
[SourceVersion "1"]
[SourceVersionDate "2021.10.06"]
[SourceQuality "1"]

1. e4 e6 2. d4 d5 3. e5 c5 4. c3 Nc6 5. Be3 Nh6 6. Bd3 cxd4 7. cxd4 Nb4 8. Be2 Nf5 9. Nf3 Be7 10. O-O Bd7 11. Nc3 Rc8 12. a3 Nc6 13. Bd3 Nxe3 14. fxe3 O-O 15. Bc2 f5 16. exf6 Bxf6 17. Qd3 g6 18. e4 Be8 19. e5 Be7 20. Rf2 a6 21. Raf1 b5 22. Qe3 Qb6 23. Kh1 Rxf3 24. Rxf3 Nxd4 25. Qf2 b4 26. Rf8+ Kg7 27. Rxe8 Rxe8 28. Qf7+ Kh6 29. Qxe8 bxc3 30. Qxe7 Nxc2 31. Qf8+ Kh5 32. Qf3+ Kh6 33. Qf8+ Kh5 34. h3 Qe3 35. bxc3 d4 36. cxd4 Nxd4 37. Qf7 h6 38. Qf8 g5 39. g4+ Kh4 40. Qxh6+ Kg3 41. Rg1+ Kf2 42. Qf6+ Nf3 43. Rg2+ Kf1 44. Rg3 Ke2 45. Rg2+ Kf1 46. Qxe6 Ne1 47. Qc4+ Nd3 48. Qc2 Qf3 49. Qb1+ Ne1 50. Qf5 Qxf5 51. gxf5 Nxg2 52. e6 Ne3 53. f6 Nf5 54. f7 1-0

[Event "Quebec op U2000"]
[Site "Montreal CAN"]
[Date "2001.07.24"]
[Round "5"]
[White "Chagnon, Francois"]
[Black "Gilbert, Erick"]
[Result "0-1"]
[WhiteElo "1486"]
[BlackElo "1851"]
[PlyCount "36"]
[GameId "2160767911563874"]
[EventDate "2001.07.21"]
[EventType "swiss"]
[EventRounds "9"]
[EventCountry "CAN"]
[SourceTitle "EXT 2022"]
[Source "ChessBase"]
[SourceDate "2021.10.06"]
[SourceVersion "1"]
[SourceVersionDate "2021.10.06"]
[SourceQuality "1"]

1. d4 Nf6 2. c4 g6 3. Nc3 Bg7 4. Nf3 d6 5. e4 O-O 6. Be2 e5 7. Be3 exd4 8. Nxd4 Re8 9. f3 c6 10. Qd2 d5 11. cxd5 cxd5 12. exd5 Nxd5 13. Nxd5 Qxd5 14. Kf2 Bd7 15. Rhd1 Qe5 16. Bf4 Qe7 17. Re1 Qc5 18. Be3 Rxe3 0-1

[Event "Quebec op U2000"]
[Site "Montreal CAN"]
[Date "2001.07.24"]
[Round "5"]
[White "Charbonneau, Anne-Marie"]
[Black "Paz, Roman"]
[Result "1/2-1/2"]
[WhiteElo "1875"]
[BlackElo "2079"]
[PlyCount "59"]
[GameId "2160767911563875"]
[EventDate "2001.07.21"]
[EventType "swiss"]
[EventRounds "9"]
[EventCountry "CAN"]
[SourceTitle "EXT 2022"]
[Source "ChessBase"]
[SourceDate "2021.10.06"]
[SourceVersion "1"]
[SourceVersionDate "2021.10.06"]
[SourceQuality "1"]

1. d4 f5 2. Nf3 Nf6 3. g3 e6 4. Bg2 Bb4+ 5. c3 Be7 6. O-O O-O 7. Nbd2 d5 8. b3 Ne4 9. Bb2 b6 10. Qc2 Nd7 11. Ne5 Nxe5 12. dxe5 Ba6 13. Rfe1 h5 14. f4 h4 15. Nxe4 fxe4 16. e3 hxg3 17. hxg3 Qe8 18. Kf2 Qh5 19. Rh1 Qg4 20. Rh2 Bc5 21. Rh3 Rf5 22. b4 Be7 23. Rah1 Kf7 24. Qd2 Bc4 25. a3 Rf8 26. Qd1 Qxd1 27. Rxd1 Ke8 28. Rdh1 Rxe5 29. Rh7 Rg5 30. Bh3 1/2-1/2

[Event "Quebec op U2000"]
[Site "Montreal CAN"]
[Date "2001.07.24"]
[Round "5"]
[White "Chichkina, Olya"]
[Black "Villeneuve, Benoit"]
[Result "0-1"]
[WhiteElo "1901"]
[BlackElo "1762"]
[PlyCount "102"]
[GameId "2160767911563876"]
[EventDate "2001.07.21"]
[EventType "swiss"]
[EventRounds "9"]
[EventCountry "CAN"]
[SourceTitle "EXT 2022"]
[Source "ChessBase"]
[SourceDate "2021.10.06"]
[SourceVersion "1"]
[SourceVersionDate "2021.10.06"]
[SourceQuality "1"]

1. e4 e6 2. d4 d5 3. Nd2 Nf6 4. e5 Nfd7 5. c3 c5 6. f4 Nc6 7. Ndf3 Qb6 8. Ne2 f6 9. g3 Be7 10. Bh3 Nd8 11. O-O O-O 12. Kh1 cxd4 13. cxd4 fxe5 14. fxe5 Nb8 15. b3 Nbc6 16. Nf4 Bd7 17. Bb2 Nb4 18. a3 Na6 19. Nxd5 exd5 20. Bxd7 Ne6 21. b4 Rf7 22. Rc1 Nac7 23. Bc3 Raf8 24. Qd3 Ng5 25. Bg4 Ne4 26. Bd2 Qg6 27. Kg2 Qxg4 28. Rxc7 Bd8 29. Rxf7 Rxf7 30. Bf4 Rxf4 31. e6 Rf6 32. Ne5 Qxe6 33. Rxf6 Bxf6 34. Qc2 Bxe5 35. dxe5 Qc6 36. Qb3 b5 37. Qe3 Qc2+ 38. Kh3 Nf2+ 39. Kh4 Qe4+ 40. Qxe4 dxe4 41. g4 Nd3 42. Kg3 Nxe5 43. Kf4 e3 44. Kxe3 Nxg4+ 45. Kd4 Nxh2 46. Kc5 g5 47. Kxb5 g4 48. Ka6 g3 49. Kxa7 g2 50. b5 g1=Q+ 51. b6 Qc5 0-1